000 00740nam a2200157 a 4500
008 120416s1971 ||||||||||||||||| || u
050 _aHG 4028.M4 Moo
100 _aMoon, Donald W
245 1 0 _aBusiness mergers and take-over bids: a study of the post war pattern of amalgamations and reconstructions of companies. (4th ed.)
250 _a4th ed.
260 _aLondon:
_bGee
_c1971
300 _a236p.
350 _a0.00
995 _aANNEX COLLECTION (Main Library)
_D0.00
_e007507
_FCBU-MAIN LIBRARY (Kitwe)
_H1
_I3.10
_jHG 4028.M4 Moo
_UAVAILABLE
_y007507
_ZAnnex Low-Usage Collection
995 _aANNEX COLLECTION (Main Library)
_D0.00
_e007506
_FCBU-MAIN LIBRARY (Kitwe)
_H2
_I3.10
_jHG 4028.M4 Moo
_UAVAILABLE
_y007506
_ZAnnex Low-Usage Collection
999 _c79038
_d79038